| 000 | 01008nam a2200313Ia 4500 | ||
|---|---|---|---|
| 003 | OSt | ||
| 005 | 20240418115744.0 | ||
| 008 | 210210b1990 xxu||||| |||| 00| 0 eng d | ||
| 040 | _cAL | ||
| 041 | _aKannada | ||
| 082 | _aK894.109 TALA | ||
| 100 |
_aTALVADI (B S). _9133904 _dತಲ್ವಾಡಿ (ಬಿ ಎಸ್) |
||
| 245 |
_aAdhunika kannada kavigalu. _bಆಧುನಿಕ ಕನ್ನಡ ಕವಿಗಳು |
||
| 260 |
_aBengaluru _bVasanta Prakashana _c1990 |
||
| 300 | _aviii,112 | ||
| 650 |
_aChennavira Kanavi _9133905 |
||
| 650 |
_aG S Shivarudrappa _9133906 |
||
| 650 |
_aMadhura Chenna _9133907 |
||
| 650 |
_aJ P Rajaratnam _9133908 |
||
| 650 |
_a Su Ram Ekkundi (S R Ekkundi) _9133909 |
||
| 650 |
_aSiddhayya Puranika _9133910 |
||
| 650 |
_aVinayaka _9133911 |
||
| 650 |
_aM V Sitaramayya _9133912 |
||
| 650 |
_aS V Parameshvarabhatta _9133913 |
||
| 650 |
_aM Gopalakrashna Adiga _9133914 |
||
| 690 |
_aKannada Poetry Criticism _9133915 |
||
| 906 | _a043969 | ||
| 942 |
_2ddc _cBK |
||
| 999 |
_c93657 _d93657 |
||